| 000 | 01790nam a2200421 a 4500 | ||
|---|---|---|---|
| 001 | vtls001489021 | ||
| 003 | NLI | ||
| 005 | 20210627133434.0 | ||
| 008 | 121207s1981 dcu s f000 0 eng | ||
| 039 | 9 |
_y201212071821 _zVLOAD |
|
| 040 |
_aNLI _beng _cDatasoft_FOD _eAACR2 |
||
| 041 | 0 | _aeng | |
| 044 | _a dcu | ||
| 082 | 0 | 4 | _a 333.79110973021 |
| 110 | 1 |
_aUnited States. _bDepartment of Energy _9706810 |
|
| 245 | 1 | 0 |
_aEnergy review / _cUnited States Department of Energy |
| 260 |
_aWashington, D.C. : _bThe Department, _c1981 |
||
| 300 |
_a101 p. ; _c27 cm. |
||
| 500 | _aDOE/EIA-0035. 81/10 | ||
| 500 | _aIssues for -Feb. 1979 issued as CRN, DAR; issues prior to Oct. 1979 available from: National Technical Information Service, 5285 Port Royal Rd., Springfield, Va., 22161 | ||
| 500 | _aDescription based on: Jan. 1979 | ||
| 500 | _aLatest issue consulted: Mar. 2006 | ||
| 500 | _aFormat no longer distributed to depository libraries after Jan. 2001 | ||
| 500 | _aEnergy information administration | ||
| 650 | 0 |
_aEnergy resources _zUnited States _vStatistics _9922440 |
|
| 650 | 0 |
_aPower resources _zUnited States _vStatistics _9706148 |
|
| 710 | 1 |
_aUnited States. _bOffice of Energy Information and Analysis _9706146 |
|
| 710 | 1 |
_aUnited States. _bEnergy Information Administration _9706149 |
|
| 710 | 1 |
_aUnited States. _bEnergy Information Administration. _bOffice of Energy Data |
|
| 710 | 1 |
_aUnited States. _bEnergy Information Administration. _bOffice of Energy Data Operations _9706061 |
|
| 710 | 1 |
_aUnited States. _bOffice of Energy Markets and End Use _9706151 |
|
| 887 | _a | ||
| 901 |
_aAD 160157 _b16.10.2010 |
||
| 902 | _aU.S 333.79110973021 Un 3 | ||
| 904 | _lF 7351 | ||
| 949 |
_AVIRTUAITEM _D10002 _X100 _6FOD000160157ENG |
||
| 942 |
_2ddc _cBKS |
||
| 999 |
_aVIRTUA40 _c938136 _d938136 |
||